| 000 | 01260nam a2200337 c 4500 | ||
|---|---|---|---|
| 003 | BLK | ||
| 005 | 20240710101436.0 | ||
| 008 | 180408b bul|||||r ||||||| ||bul|| | ||
| 010 | _aKNG00086038000 | ||
| 020 |
_a978-954-330-151-5 _bиздат.: Унискорп |
||
| 040 | _aBLK | ||
| 041 |
_aBUL _cBUL |
||
| 080 |
_aАмериканска литература (на САЩ) _b821.111(73) _x-31 _z821.111(73)-31 |
||
| 100 | 1 |
_aУолър, Робърт Джеймс _eпърви автор _9250418 |
|
| 700 | 1 |
_aЧайлд, Мария Кирова _eпрев. от англ. _9289094 |
|
| 139 |
_aУолър, Робърт Джеймс _bУ 69 |
||
| 245 | 1 | 0 |
_aТанго _bРоман _cРобърт Джеймс Уолър; прев. от англ. Мария Кирова Чайлд. |
| 257 | _aUSA | ||
| 260 |
_аСофия _bУнискорп _c2008 |
||
| 300 |
_a400 с. _c20 см |
||
| 380 | _aX | ||
| 490 | 1 | _aБиблиотека Бисери | |
| 500 | _aОриг. загл. High Plains Tango / Robert James Waller. - Офс. изд. | ||
| 590 | _aф | ||
| 852 | _aЦб 241622 | ||
| 856 | 4 |
_qpdf _u |
|
| 856 | 4 |
_qpdf _u |
|
| 942 |
_cKNG _n0 _07 |
||
| 944 |
_aCR _c27.10.2008 _k30530 _lМинев Младен |
||
| 944 |
_aED _c12.11.2008 _k |
||
| 999 |
_c81534 _d81534 |
||